El Principio de la sabiduria / Pere Calders ; traducción de Joaquín Jordà ; edición y prólogo de Basilio Losada
Descripción Física:
215 p. ; 22 cm
Colección:
Marca Hispánica
Materias:
Contes catalans -- S. XX
MARC
| LEADER | 00000nam a2200000Ia 4500 | ||
|---|---|---|---|
| 001 | 6661 | ||
| 008 | 160829s1986 xx 000 0 cat d | ||
| 080 | |a L-1-90 | ||
| 100 | |a Calders, Pere |9 35403 | ||
| 245 | |a El Principio de la sabiduria / Pere Calders ; traducción de Joaquín Jordà ; edición y prólogo de Basilio Losada | ||
| 260 | |a Barcelona : |b Edicions del Mall, |c 1986 | ||
| 300 | |a 215 p. ; |c 22 cm | ||
| 490 | |a Marca Hispánica | ||
| 590 | |a Edició bilingüe, català-castellà. Títol original: El principi de la saviesa | ||
| 650 | |a Contes catalans |x S. XX |9 27909 | ||
| 700 | 1 | |a Jordá, Joaquín |9 35676 | |
| 700 | 1 | |a Losada, Basilio |9 35677 | |
| 901 | |a Arxiu | ||
| 942 | |n 1 | ||
| 952 | |0 0 |1 0 |4 0 |6 L190 |7 1 |9 47026 |a Arxiu |b Arxiu |d 2016-12-01 |l 0 |o L-1-90 |p 6661 |r 2016-12-01 00:00:00 |w 2016-12-01 |y ARXIU | ||
| 999 | |c 50819 |d 50819 | ||